[Event "MSRCH16"]
[Site "?"]
[Date "2026.04.12"]
[Round "4.1"]
[White "Simko, Jakub"]
[Black "Mazag, Martin"]
[Result "1/2-1/2"]
[BlackElo "1975"]
[WhiteElo "2025"]
[LiveChessVersion "1.4.8"]

1. d4 {[%clk 1:30:56]} Nf6 {[%clk 1:30:48]} 2. c4 {[%clk 1:31:15]} c5
{[%clk 1:31:09]} 3. d5 {[%clk 1:31:27]} b5 {[%clk 1:31:27]} 4. cxb5
{[%clk 1:30:24]} a6 {[%clk 1:31:50]} 5. b6 {[%clk 1:27:17]} g6 {[%clk 1:32:07]}
6. Nc3 {[%clk 1:27:20]} Bg7 {[%clk 1:32:18]} 7. Nf3 {[%clk 1:27:25]} d6
{[%clk 1:32:21]} 8. e4 {[%clk 1:27:22]} O-O {[%clk 1:32:41]} 9. Be2
{[%clk 1:27:22]} Qxb6 {[%clk 1:32:55]} 10. O-O {[%clk 1:27:24]} Nbd7
{[%clk 1:32:53]} 11. Nd2 {[%clk 1:26:25]} Qc7 {[%clk 1:33:14]} 12. a4
{[%clk 1:21:23]} Rb8 {[%clk 1:28:28]} 13. Qc2 {[%clk 1:15:17]} Nb6
{[%clk 1:27:55]} 14. a5 {[%clk 1:09:56]} Na8 {[%clk 1:27:47]} 15. Nc4
{[%clk 1:09:07]} Bd7 {[%clk 1:26:55]} 16. Bd2 {[%clk 1:05:48]} Qb7
{[%clk 1:26:02]} 17. Rfb1 {[%clk 0:58:40]} Nc7 {[%clk 1:25:16]} 18. Nb6
{[%clk 0:55:45]} Nb5 {[%clk 1:23:35]} 19. Ra2 {[%clk 0:48:50]} Nd4
{[%clk 1:19:25]} 20. Qd1 {[%clk 0:44:14]} Bb5 {[%clk 1:18:37]} 21. Bxb5
{[%clk 0:39:00]} Nxb5 {[%clk 1:18:56]} 22. Qa4 {[%clk 0:30:39]} Nd7
{[%clk 1:15:52]} 23. Nxb5 {[%clk 0:25:26]} axb5 {[%clk 1:15:35]} 24. Qxb5
{[%clk 0:25:09]} Nxb6 {[%clk 1:15:54]} 25. axb6 {[%clk 0:24:17]} Qxb6
{[%clk 1:16:12]} 26. Qxb6 {[%clk 0:17:40]} Rxb6 {[%clk 1:16:40]} 27. Kf1
{[%clk 0:14:27]} Rfb8 {[%clk 1:16:19]} 28. b4 {[%clk 0:07:40]} cxb4
{[%clk 1:15:18]} 29. Rb3 {[%clk 0:07:46]} Bd4 {[%clk 1:13:56]} 30. Ra4
{[%clk 0:07:54]} Bc5 {[%clk 1:14:20]} 31. Ke2 {[%clk 0:07:32]} Kg7
{[%clk 1:12:59]} 32. f3 {[%clk 0:06:35]} f5 {[%clk 1:08:30]} 33. Kd3
{[%clk 0:05:49]} Kf6 {[%clk 1:08:10]} 34. Bf4 {[%clk 0:04:39]} g5
{[%clk 1:01:49]} 35. Bg3 {[%clk 0:04:24]} f4 {[%clk 0:58:12]} 36. Be1
{[%clk 0:04:45]} Ke5 {[%clk 0:58:05]} 37. Ra7 {[%clk 0:01:19]} Kf6
{[%clk 0:56:32]} 38. Ra4 {[%clk 0:00:46]} h5 {[%clk 0:56:29]} 39. Kc4
{[%clk 0:00:52]} Bg1 {[%clk 0:36:06]} 40. Raxb4 {[%clk 0:00:32]} Rxb4+
{[%clk 0:33:24]} 41. Rxb4 {[%clk 0:29:34]} Rxb4+ {[%clk 1:03:11]} 42. Bxb4
{[%clk 0:29:11]} Bxh2 {[%clk 1:03:20]} 43. Bc3+ {[%clk 0:28:19]} Kf7
{[%clk 1:02:41]} 44. Kd3 {[%clk 0:28:03]} Bg1 {[%clk 1:00:05]} 45. Ke2
{[%clk 0:27:02]} e6 {[%clk 0:59:40]} 46. dxe6+ {[%clk 0:27:08]} Kxe6
{[%clk 1:00:08]} 47. Bb2 {[%clk 0:25:27]} Bb6 {[%clk 1:00:09]} 48. Bc3
{[%clk 0:24:54]} Bd8 {[%clk 1:00:19]} 49. Bd4 {[%clk 0:24:12]} Bf6
{[%clk 1:00:33]} 50. Bf2 {[%clk 0:23:28]} d5 {[%clk 0:58:28]} 51. exd5+
{[%clk 0:22:37]} Kxd5 {[%clk 0:58:56]} 52. Kd3 {[%clk 0:21:42]} Ke5
{[%clk 0:57:09]} 53. Ke2 {[%clk 0:21:36]} Kf5 {[%clk 0:57:17]} 54. Bc5
{[%clk 0:21:15]} g4 {[%clk 0:56:28]} 55. fxg4+ {[%clk 0:21:22]} Kxg4
{[%clk 0:56:41]} 56. Kf1 {[%clk 0:21:21]} Kf5 {[%clk 0:55:54]} 57. Ke2
{[%clk 0:20:38]} Ke4 {[%clk 0:56:13]} 58. Bf2 {[%clk 0:17:59]} Bd4
{[%clk 0:56:00]} 59. Bxd4 {[%clk 0:17:28]} Kxd4 {[%clk 0:56:28]} 60. Kf3
{[%clk 0:17:57]} Ke5 1/2-1/2

[Event "MSRCH16"]
[Site "?"]
[Date "2026.04.12"]
[Round "4.2"]
[White "Bartelt, Tobias"]
[Black "Meszaros, Casey Ryan"]
[Result "0-1"]
[BlackElo "2204"]
[WhiteElo "1830"]
[LiveChessVersion "1.4.8"]

1. e4 {[%clk 1:30:53]} c5 {[%clk 1:30:41]} 2. Nf3 {[%clk 1:31:18]} Nc6
{[%clk 1:30:59]} 3. Bb5 {[%clk 1:31:43]} e6 {[%clk 1:31:00]} 4. O-O
{[%clk 1:31:52]} Nge7 {[%clk 1:30:55]} 5. Re1 {[%clk 1:32:01]} a6
{[%clk 1:30:57]} 6. Bf1 {[%clk 1:32:22]} Ng6 {[%clk 1:27:23]} 7. c3
{[%clk 1:31:35]} Be7 {[%clk 1:19:45]} 8. d4 {[%clk 1:31:12]} cxd4
{[%clk 1:19:26]} 9. cxd4 {[%clk 1:31:40]} d5 {[%clk 1:19:25]} 10. exd5
{[%clk 1:29:51]} exd5 {[%clk 1:18:37]} 11. h3 {[%clk 1:29:54]} O-O
{[%clk 1:18:50]} 12. Nc3 {[%clk 1:29:50]} Be6 {[%clk 1:15:38]} 13. Bd3
{[%clk 1:15:57]} Bf6 {[%clk 1:15:09]} 14. Be3 {[%clk 1:13:15]} Rc8
{[%clk 1:10:51]} 15. Qd2 {[%clk 1:11:56]} b5 {[%clk 0:52:32]} 16. Ne2
{[%clk 1:07:57]} Qb6 {[%clk 0:44:23]} 17. Bxg6 {[%clk 0:59:55]} hxg6
{[%clk 0:44:29]} 18. Bg5 {[%clk 0:59:12]} Bxg5 {[%clk 0:32:20]} 19. Nxg5
{[%clk 0:59:31]} Bf5 {[%clk 0:32:19]} 20. b3 {[%clk 0:48:01]} f6 {[%clk 0:31:32]}
21. Nf3 {[%clk 0:47:55]} Be4 {[%clk 0:31:12]} 22. Nh2 {[%clk 0:42:56]} g5
{[%clk 0:26:24]} 23. Rad1 {[%clk 0:42:07]} Rfd8 {[%clk 0:22:05]} 24. Ng3
{[%clk 0:36:54]} Bg6 {[%clk 0:22:00]} 25. Nf3 {[%clk 0:37:06]} Qc7
{[%clk 0:16:31]} 26. Re2 {[%clk 0:33:31]} Re8 {[%clk 0:16:13]} 27. Rde1
{[%clk 0:33:09]} Rxe2 {[%clk 0:15:14]} 28. Rxe2 {[%clk 0:33:24]} Qf4
{[%clk 0:14:57]} 29. Nf1 {[%clk 0:29:07]} Be4 {[%clk 0:12:32]} 30. N1h2
{[%clk 0:24:34]} Qxd2 {[%clk 0:10:48]} 31. Rxd2 {[%clk 0:25:01]} Nb4
{[%clk 0:10:06]} 32. a3 {[%clk 0:18:42]} Rc1+ {[%clk 0:09:37]} 33. Nf1
{[%clk 0:19:08]} Nc2 {[%clk 0:08:20]} 34. a4 {[%clk 0:14:43]} Bxf3
{[%clk 0:04:12]} 35. gxf3 {[%clk 0:15:03]} Ne1 {[%clk 0:04:16]} 36. Ra2
{[%clk 0:14:34]} Nxf3+ 37. Kg2 {[%clk 0:14:57]} Nh4+ {[%clk 0:04:42]} 38. Kg1
{[%clk 0:15:05]} Nf3+ {[%clk 0:03:34]} 39. Kg2 {[%clk 0:15:29]} Nh4+
{[%clk 0:04:01]} 40. Kg1 {[%clk 0:15:54]} b4 {[%clk 0:04:16]} 41. Re2
{[%clk 0:12:57]} Kf7 {[%clk 0:29:08]} 42. Re3 {[%clk 0:40:32]} Rd1
{[%clk 0:29:13]} 43. f3 {[%clk 0:39:43]} Nf5 {[%clk 0:29:26]} 44. Re2
{[%clk 0:39:30]} Ng3 {[%clk 0:29:47]} 45. Rf2 {[%clk 0:39:50]} Kg6
{[%clk 0:30:02]} 46. Kg2 {[%clk 0:40:03]} Nxf1 0-1

[Event "MSRCH16"]
[Site "?"]
[Date "2026.04.12"]
[Round "4.3"]
[White "Vasko, Matej"]
[Black "Janoska, Peter"]
[Result "1-0"]
[BlackElo "1953"]
[WhiteElo "2013"]
[LiveChessVersion "1.4.8"]

1. Nf3 {[%clk 1:30:56]} Nf6 {[%clk 1:30:24]} 2. g3 {[%clk 1:31:19]} d5
{[%clk 1:30:14]} 3. Bg2 {[%clk 1:31:33]} c5 {[%clk 1:29:59]} 4. O-O
{[%clk 1:31:41]} Nc6 {[%clk 1:29:38]} 5. d4 {[%clk 1:31:44]} cxd4
{[%clk 1:26:13]} 6. Nxd4 {[%clk 1:31:53]} e5 {[%clk 1:22:29]} 7. Nxc6
{[%clk 1:32:06]} bxc6 {[%clk 1:22:44]} 8. c4 {[%clk 1:31:32]} h6 {[%clk 1:20:48]}
9. Nc3 {[%clk 1:28:32]} e4 {[%clk 1:09:30]} 10. Bf4 {[%clk 1:07:45]} Be7
{[%clk 0:50:37]} 11. cxd5 {[%clk 0:55:59]} cxd5 {[%clk 0:49:42]} 12. Nb5
{[%clk 0:55:05]} O-O {[%clk 0:47:04]} 13. Nc7 {[%clk 0:54:15]} Bd6
{[%clk 0:33:35]} 14. Bxd6 {[%clk 0:52:51]} Qxd6 {[%clk 0:33:42]} 15. Nxa8
{[%clk 0:53:06]} Bb7 {[%clk 0:34:00]} 16. Qd4 {[%clk 0:51:17]} Rxa8
{[%clk 0:33:06]} 17. Rfc1 {[%clk 0:48:56]} a6 {[%clk 0:29:37]} 18. Rc3
{[%clk 0:44:40]} Rc8 {[%clk 0:28:40]} 19. Rac1 {[%clk 0:43:41]} Rxc3
{[%clk 0:25:25]} 20. Rxc3 {[%clk 0:43:33]} Qd7 {[%clk 0:22:58]} 21. Qb6
{[%clk 0:37:07]} Ne8 {[%clk 0:18:41]} 22. Bh3 {[%clk 0:31:26]} Qe7
{[%clk 0:14:11]} 23. e3 {[%clk 0:26:27]} Kh7 {[%clk 0:13:25]} 24. Rb3
{[%clk 0:22:36]} Nd6 {[%clk 0:13:07]} 25. Qc5 {[%clk 0:21:03]} Qd8
{[%clk 0:12:39]} 26. Rb6 {[%clk 0:18:32]} 1-0

[Event "MSRCH16"]
[Site "?"]
[Date "2026.04.12"]
[Round "4.4"]
[White "Jursa, Juraj"]
[Black "Holecko, Samuel"]
[Result "0-1"]
[BlackElo "1812"]
[WhiteElo "2001"]
[LiveChessVersion "1.4.8"]

1. e4 {[%clk 1:30:54]} c5 {[%clk 1:30:56]} 2. Nf3 {[%clk 1:31:19]} d6
{[%clk 1:31:21]} 3. d4 {[%clk 1:31:44]} cxd4 {[%clk 1:31:46]} 4. Nxd4
{[%clk 1:32:11]} Nf6 {[%clk 1:32:10]} 5. Nc3 {[%clk 1:32:35]} a6 {[%clk 1:32:35]}
6. f3 {[%clk 1:31:47]} e5 {[%clk 1:32:50]} 7. Nb3 {[%clk 1:32:10]} Be7
{[%clk 1:32:00]} 8. Be3 {[%clk 1:32:33]} Be6 {[%clk 1:30:52]} 9. Qd2
{[%clk 1:32:29]} O-O {[%clk 1:25:58]} 10. O-O-O {[%clk 1:32:29]} a5
{[%clk 1:23:24]} 11. Bb5 {[%clk 1:29:50]} Na6 {[%clk 1:23:39]} 12. g4
{[%clk 1:28:25]} Nc7 {[%clk 1:19:42]} 13. Bb6 {[%clk 1:16:47]} Qb8
{[%clk 1:20:01]} 14. g5 {[%clk 1:15:24]} Nh5 {[%clk 1:18:53]} 15. a4
{[%clk 1:01:54]} Nxb5 {[%clk 1:15:22]} 16. Nxb5 {[%clk 1:01:44]} Rc8
{[%clk 0:58:48]} 17. Kb1 {[%clk 0:58:40]} Ra6 {[%clk 0:48:25]} 18. Be3
{[%clk 0:56:08]} Rc4 {[%clk 0:37:24]} 19. Nc3 {[%clk 0:52:05]} Rb4
{[%clk 0:30:19]} 20. Nc1 {[%clk 0:48:26]} Rc4 {[%clk 0:26:51]} 21. b3
{[%clk 0:47:36]} Rc8 {[%clk 0:26:01]} 22. N1a2 {[%clk 0:46:51]} Rac6
{[%clk 0:25:11]} 23. h4 {[%clk 0:44:37]} g6 {[%clk 0:20:58]} 24. Kb2
{[%clk 0:43:00]} Bf8 {[%clk 0:19:25]} 25. Rc1 {[%clk 0:42:30]} b6
{[%clk 0:18:48]} 26. Nd5 {[%clk 0:32:28]} Bxd5 {[%clk 0:13:44]} 27. exd5
{[%clk 0:32:28]} R6c7 {[%clk 0:13:53]} 28. Qf2 {[%clk 0:32:45]} b5
{[%clk 0:11:28]} 29. axb5 {[%clk 0:25:16]} Qxb5 {[%clk 0:11:16]} 30. c4
{[%clk 0:24:57]} Rxc4 {[%clk 0:10:26]} 31. Qe2 {[%clk 0:25:02]} a4
{[%clk 0:07:54]} 32. b4 {[%clk 0:23:13]} Rxb4+ {[%clk 0:08:01]} 33. Nxb4
{[%clk 0:22:54]} Qxe2+ {[%clk 0:08:00]} 34. Rc2 {[%clk 0:22:53]} Rxc2+
{[%clk 0:07:27]} 35. Nxc2 {[%clk 0:23:22]} Qxf3 {[%clk 0:07:10]} 0-1

[Event "MSRCH16"]
[Site "?"]
[Date "2026.04.12"]
[Round "4.5"]
[White "Ropovik, Samuel"]
[Black "Sekera, Timotej"]
[Result "1-0"]
[BlackElo "1916"]
[WhiteElo "2072"]
[LiveChessVersion "1.4.8"]

1. e4 {[%clk 1:30:47]} c5 {[%clk 1:30:56]} 2. Nf3 {[%clk 1:31:04]} e6
{[%clk 1:31:19]} 3. d4 {[%clk 1:31:18]} cxd4 {[%clk 1:31:40]} 4. Nxd4
{[%clk 1:31:39]} Bc5 {[%clk 1:32:03]} 5. Nc3 {[%clk 1:24:00]} Qb6
{[%clk 1:29:34]} 6. Na4 {[%clk 1:12:59]} Qa5+ {[%clk 1:29:20]} 7. c3
{[%clk 1:12:54]} Bxd4 {[%clk 1:29:41]} 8. Qxd4 {[%clk 1:12:32]} Nf6
{[%clk 1:30:01]} 9. b3 {[%clk 0:57:10]} Nc6 {[%clk 1:23:38]} 10. Qe3
{[%clk 0:50:33]} b5 {[%clk 1:14:05]} 11. Nb2 {[%clk 0:48:40]} O-O
{[%clk 1:13:46]} 12. Bd2 {[%clk 0:39:43]} Qb6 {[%clk 1:04:22]} 13. Qxb6
{[%clk 0:38:37]} axb6 {[%clk 1:04:44]} 14. f3 {[%clk 0:37:02]} b4
{[%clk 1:03:48]} 15. Kf2 {[%clk 0:31:08]} d5 {[%clk 0:57:47]} 16. exd5
{[%clk 0:29:44]} Nxd5 {[%clk 0:57:59]} 17. c4 {[%clk 0:28:09]} Nc3
{[%clk 0:57:44]} 18. Bxc3 {[%clk 0:25:40]} bxc3 {[%clk 0:57:49]} 19. Na4
{[%clk 0:25:02]} Nb4 {[%clk 0:44:46]} 20. a3 {[%clk 0:07:09]} Nc2
{[%clk 0:35:39]} 21. Ra2 {[%clk 0:07:17]} Nd4 {[%clk 0:36:01]} 22. Nxb6
{[%clk 0:07:42]} Ra7 {[%clk 0:35:35]} 23. b4 {[%clk 0:06:10]} Bb7
{[%clk 0:33:46]} 24. Bd3 {[%clk 0:03:11]} Rb8 {[%clk 0:33:48]} 25. Nd7
{[%clk 0:01:42]} Rba8 {[%clk 0:32:46]} 26. Nc5 {[%clk 0:01:04]} Nc6
{[%clk 0:27:07]} 27. Rb1 {[%clk 0:00:46]} Ne5 {[%clk 0:27:23]} 28. Be2
{[%clk 0:00:38]} Bc6 {[%clk 0:26:25]} 29. b5 {[%clk 0:00:33]} Be8
{[%clk 0:26:09]} 30. b6 {[%clk 0:00:36]} Ra5 {[%clk 0:24:25]} 31. Ne4
{[%clk 0:00:46]} Bc6 {[%clk 0:23:33]} 32. Nxc3 {[%clk 0:00:49]} 1-0

[Event "MSRCH16"]
[Site "?"]
[Date "2026.04.12"]
[Round "4.6"]
[White "Binovec, Lukas"]
[Black "Sichnenko, Grigorij"]
[Result "0-1"]
[BlackElo "2062"]
[WhiteElo "1858"]
[LiveChessVersion "1.4.8"]

1. c4 {[%clk 1:30:58]} Nf6 {[%clk 1:24:38]} 2. g3 {[%clk 1:31:22]} c5
{[%clk 1:24:36]} 3. Nc3 {[%clk 1:31:10]} d5 {[%clk 1:24:54]} 4. cxd5
{[%clk 1:30:19]} Nxd5 {[%clk 1:25:17]} 5. Bg2 {[%clk 1:30:44]} Nc7
{[%clk 1:25:25]} 6. Nf3 {[%clk 1:30:22]} Nc6 {[%clk 1:25:34]} 7. O-O
{[%clk 1:30:23]} e5 {[%clk 1:25:08]} 8. d3 {[%clk 1:29:59]} Be7 {[%clk 1:23:27]}
9. Be3 {[%clk 1:28:18]} Rb8 {[%clk 1:12:52]} 10. Rc1 {[%clk 1:23:39]} O-O
{[%clk 1:08:48]} 11. a3 {[%clk 1:17:01]} b6 {[%clk 0:59:06]} 12. Qa4
{[%clk 1:03:40]} Bd7 {[%clk 0:49:57]} 13. Qc2 {[%clk 0:52:00]} Rc8
{[%clk 0:46:12]} 14. Nd2 {[%clk 0:42:02]} Ne6 {[%clk 0:41:53]} 15. Nd5
{[%clk 0:38:07]} Re8 {[%clk 0:39:39]} 16. Nb3 {[%clk 0:29:22]} Bf8
{[%clk 0:35:57]} 17. f4 {[%clk 0:23:39]} Ncd4 {[%clk 0:27:12]} 18. Nxd4
{[%clk 0:21:29]} cxd4 {[%clk 0:27:08]} 19. Qd2 {[%clk 0:19:04]} dxe3
{[%clk 0:27:19]} 20. Nxe3 {[%clk 0:19:23]} exf4 {[%clk 0:24:33]} 21. gxf4
{[%clk 0:17:41]} Rxc1 {[%clk 0:22:55]} 22. Qxc1 {[%clk 0:16:57]} Nd4
{[%clk 0:21:40]} 23. Qd2 {[%clk 0:16:26]} Nxe2+ {[%clk 0:17:53]} 24. Qxe2
{[%clk 0:16:41]} Bc5 {[%clk 0:18:16]} 25. Be4 {[%clk 0:15:33]} f5
{[%clk 0:14:38]} 26. b4 {[%clk 0:13:40]} Bxe3+ {[%clk 0:14:10]} 27. Qxe3
{[%clk 0:14:05]} fxe4 {[%clk 0:14:29]} 28. dxe4 {[%clk 0:14:31]} Bc6
{[%clk 0:13:47]} 29. Qb3+ {[%clk 0:10:24]} Kh8 {[%clk 0:14:07]} 30. Rd1
{[%clk 0:10:24]} Qf6 {[%clk 0:12:58]} 31. Qc4 {[%clk 0:06:56]} Bxe4
{[%clk 0:11:47]} 32. Qc7 {[%clk 0:05:25]} Qg6+ {[%clk 0:11:56]} 0-1

[Event "MSRCH16"]
[Site "?"]
[Date "2026.04.12"]
[Round "4.7"]
[White "Durovka, Marek"]
[Black "Hudak, Michal"]
[Result "1/2-1/2"]
[BlackElo "1804"]
[WhiteElo "2054"]
[LiveChessVersion "1.4.8"]

1. d4 {[%clk 1:30:48]} Nf6 {[%clk 1:30:49]} 2. c4 {[%clk 1:31:02]} c5
{[%clk 1:30:57]} 3. d5 {[%clk 1:31:03]} e6 {[%clk 1:31:01]} 4. Nc3
{[%clk 1:31:19]} exd5 {[%clk 1:31:10]} 5. cxd5 {[%clk 1:31:47]} d6
{[%clk 1:31:30]} 6. e4 {[%clk 1:25:48]} g6 {[%clk 1:31:05]} 7. f4
{[%clk 1:25:02]} Bg7 {[%clk 1:30:59]} 8. Bb5+ {[%clk 1:25:13]} Nfd7
{[%clk 1:31:05]} 9. Nf3 {[%clk 1:22:49]} O-O {[%clk 1:30:15]} 10. O-O
{[%clk 1:22:45]} a6 {[%clk 1:21:48]} 11. Bxd7 {[%clk 1:21:51]} Nxd7
{[%clk 1:21:31]} 12. a4 {[%clk 1:17:11]} Re8 {[%clk 1:06:08]} 13. Qc2
{[%clk 1:12:10]} Nf6 {[%clk 0:56:24]} 14. Re1 {[%clk 1:02:47]} Bg4
{[%clk 0:39:49]} 15. Qf2 {[%clk 0:38:16]} Nh5 {[%clk 0:34:14]} 16. h3
{[%clk 0:26:14]} Bxf3 {[%clk 0:32:19]} 17. Qxf3 {[%clk 0:26:43]} f5
{[%clk 0:31:24]} 18. Bd2 {[%clk 0:24:23]} Bd4+ {[%clk 0:18:23]} 19. Kh2
{[%clk 0:23:29]} Nf6 {[%clk 0:14:44]} 20. exf5 {[%clk 0:23:30]} gxf5
{[%clk 0:14:29]} 21. Rxe8+ {[%clk 0:15:51]} Nxe8 {[%clk 0:12:22]} 22. Re1
{[%clk 0:11:26]} Nc7 {[%clk 0:08:50]} 23. Ne2 {[%clk 0:09:09]} Bxb2
{[%clk 0:05:20]} 24. Nc3 {[%clk 0:06:50]} Qd7 {[%clk 0:00:37]} 25. Rb1
{[%clk 0:06:22]} Ba3 26. Na2 {[%clk 0:02:54]} Qxa4 {[%clk 0:00:44]} 27. Rxb7
{[%clk 0:01:57]} Rc8 {[%clk 0:00:48]} 28. Qg3+ {[%clk 0:01:59]} Kf8
{[%clk 0:01:14]} 29. Bc3 {[%clk 0:02:08]} Qd7 {[%clk 0:01:39]} 30. Qg5
{[%clk 0:00:54]} Qf7 {[%clk 0:00:34]} 31. Bf6 {[%clk 0:00:57]} Qg6
{[%clk 0:00:38]} 32. Qh4 {[%clk 0:00:36]} a5 {[%clk 0:00:33]} 33. Be7+
{[%clk 0:00:34]} Ke8 {[%clk 0:00:31]} 34. Rb3 {[%clk 0:00:35]} Nxd5
{[%clk 0:00:43]} 35. Bg5 {[%clk 0:00:37]} Bb4 {[%clk 0:00:44]} 36. Nxb4
{[%clk 0:00:56]} axb4 {[%clk 0:01:02]} 37. Qe1+ {[%clk 0:01:01]} Kf7
{[%clk 0:00:42]} 38. Rd3 {[%clk 0:00:50]} Qe6 {[%clk 0:00:47]} 39. Qd2
{[%clk 0:00:44]} Nc3 {[%clk 0:00:38]} 40. Rxd6 {[%clk 0:01:07]} Ne4
{[%clk 0:00:43]} 41. Rd7+ {[%clk 0:00:33]} Ke8 {[%clk 0:14:01]} 42. Rd8+
{[%clk 0:30:13]} Rxd8 {[%clk 0:14:25]} 43. Qxd8+ {[%clk 0:30:36]} Kf7
{[%clk 0:14:46]} 44. Qc7+ {[%clk 0:29:58]} Kg6 {[%clk 0:08:47]} 45. Be7
{[%clk 0:27:53]} Qd5 {[%clk 0:01:50]} 46. Bf8 {[%clk 0:27:03]} Qd4
{[%clk 0:01:10]} 47. Qe7 {[%clk 0:11:25]} Qf6 {[%clk 0:00:42]} 48. Qe8+
{[%clk 0:11:46]} Qf7 {[%clk 0:01:01]} 49. Qc6+ {[%clk 0:12:03]} Qf6
{[%clk 0:00:40]} 50. Qe8+ {[%clk 0:12:22]} Qf7 {[%clk 0:01:09]} 51. Qc6+
{[%clk 0:09:57]} Qf6 {[%clk 0:00:36]} 52. Qe8+ {[%clk 0:10:13]} 1/2-1/2

[Event "MSRCH16"]
[Site "?"]
[Date "2026.04.12"]
[Round "4.8"]
[White "Kriscak, Simon"]
[Black "Bilik, Matej"]
[Result "0-1"]
[BlackElo "2009"]
[WhiteElo "1773"]
[LiveChessVersion "1.4.8"]

1. e4 {[%clk 1:30:52]} d5 {[%clk 1:30:56]} 2. exd5 {[%clk 1:31:18]} Qxd5
{[%clk 1:31:20]} 3. Nf3 {[%clk 1:31:41]} Nf6 {[%clk 1:31:31]} 4. d4
{[%clk 1:32:00]} Bf5 {[%clk 1:31:45]} 5. Be2 {[%clk 1:31:47]} e6 {[%clk 1:31:57]}
6. O-O {[%clk 1:32:06]} c6 {[%clk 1:31:50]} 7. c4 {[%clk 1:32:28]} Qd8
{[%clk 1:31:55]} 8. Bf4 {[%clk 1:32:33]} Bd6 {[%clk 1:30:13]} 9. Bxd6
{[%clk 1:30:45]} Qxd6 {[%clk 1:29:18]} 10. Nc3 {[%clk 1:31:08]} Nbd7
{[%clk 1:27:03]} 11. Qb3 {[%clk 1:30:48]} Qc7 {[%clk 1:26:47]} 12. Qa3
{[%clk 1:25:22]} Nb6 {[%clk 1:16:44]} 13. h3 {[%clk 1:19:30]} Qe7
{[%clk 1:15:10]} 14. Qxe7+ {[%clk 1:17:09]} Kxe7 {[%clk 1:15:23]} 15. Rad1
{[%clk 1:16:33]} Rhd8 {[%clk 1:15:05]} 16. Bd3 {[%clk 1:16:10]} Bxd3
{[%clk 1:15:08]} 17. Rxd3 {[%clk 1:16:35]} Nxc4 {[%clk 1:15:25]} 18. b3
{[%clk 1:16:50]} Nb6 {[%clk 1:15:23]} 19. Re1 {[%clk 1:16:54]} Nbd5
{[%clk 1:12:55]} 20. Na4 {[%clk 1:16:25]} Nd7 {[%clk 1:05:58]} 21. Ng5
{[%clk 1:14:30]} h6 {[%clk 1:05:01]} 22. Ne4 {[%clk 1:14:52]} N5f6
{[%clk 0:57:54]} 23. Nec5 Nxc5 {[%clk 0:57:14]} 24. Nxc5 {[%clk 1:10:38]} Rab8
{[%clk 0:57:01]} 25. f4 {[%clk 1:05:26]} Rd5 {[%clk 0:56:55]} 26. Re5
{[%clk 1:05:46]} Rxe5 {[%clk 0:55:34]} 27. dxe5 {[%clk 1:06:04]} Nd5
{[%clk 0:55:51]} 28. g3 {[%clk 1:05:45]} b6 {[%clk 0:49:16]} 29. Ne4
{[%clk 1:02:13]} Rd8 {[%clk 0:44:55]} 30. Nd6 {[%clk 1:02:17]} Nc7
{[%clk 0:44:20]} 31. Rc3 {[%clk 1:02:08]} c5 {[%clk 0:44:42]} 32. Rc2
{[%clk 1:00:54]} Ne8 {[%clk 0:44:08]} 33. Nxe8 {[%clk 1:00:10]} Kxe8
{[%clk 0:44:16]} 34. Kf2 {[%clk 0:59:54]} Rd4 {[%clk 0:44:24]} 35. Ke3
{[%clk 0:59:50]} Kd7 {[%clk 0:43:45]} 36. g4 {[%clk 0:53:16]} Rd1
{[%clk 0:40:32]} 37. Rh2 {[%clk 0:49:30]} Kc6 {[%clk 0:39:49]} 38. h4
{[%clk 0:48:50]} Kd5 {[%clk 0:38:52]} 39. g5 {[%clk 0:48:33]} Kc6
{[%clk 0:22:48]} 40. Rg2 {[%clk 0:44:58]} Kd7 {[%clk 0:23:04]} 41. Rh2
{[%clk 0:21:40]} Ke7 {[%clk 0:15:02]} 42. Ke2 {[%clk 0:12:27]} Rd4
{[%clk 0:15:16]} 43. Ke3 {[%clk 0:12:42]} h5 {[%clk 0:14:40]} 44. Rc2
{[%clk 0:11:19]} g6 {[%clk 0:15:00]} 45. a3 {[%clk 0:11:37]} a5 {[%clk 0:11:58]}
46. a4 {[%clk 0:11:00]} Rb4 {[%clk 0:08:19]} 47. Rc3 {[%clk 0:10:14]} Kd7
{[%clk 0:08:41]} 48. Rd3+ {[%clk 0:09:13]} Kc7 {[%clk 0:08:34]} 49. Rc3
{[%clk 0:08:32]} Kc6 {[%clk 0:08:46]} 50. Rd3 {[%clk 0:08:12]} c4
{[%clk 0:07:01]} 51. Rd6+ {[%clk 0:07:42]} Kc7 {[%clk 0:07:04]} 52. bxc4
{[%clk 0:06:58]} Rxc4 {[%clk 0:06:57]} 53. Rd4 {[%clk 0:07:14]} Rxd4
{[%clk 0:07:15]} 54. Kxd4 {[%clk 0:07:39]} Kc6 {[%clk 0:07:38]} 55. Kc4
{[%clk 0:07:34]} b5+ {[%clk 0:08:03]} 56. axb5+ {[%clk 0:07:45]} Kb6
{[%clk 0:08:27]} 57. Kb3 {[%clk 0:07:42]} Kxb5 {[%clk 0:08:49]} 58. Ka3
{[%clk 0:08:06]} a4 {[%clk 0:09:13]} 59. Ka2 {[%clk 0:08:18]} Kb4
{[%clk 0:09:37]} 60. Kb2 {[%clk 0:08:35]} a3+ {[%clk 0:10:01]} 61. Ka2
{[%clk 0:08:36]} Ka4 {[%clk 0:10:15]} 62. f5 {[%clk 0:08:52]} exf5
{[%clk 0:10:34]} 63. Kb1 {[%clk 0:08:17]} Kb3 {[%clk 0:10:56]} 64. Ka1
{[%clk 0:08:35]} f4 {[%clk 0:11:18]} 65. Kb1 {[%clk 0:08:24]} f3 {[%clk 0:11:30]}
66. e6 {[%clk 0:08:37]} a2+ {[%clk 0:11:38]} 67. Ka1 {[%clk 0:07:59]} f2
{[%clk 0:12:01]} 68. e7 {[%clk 0:07:44]} f1=R# {[%clk 0:12:25]} 0-1

[Event "MSRCH16"]
[Site "?"]
[Date "2026.04.12"]
[Round "4.9"]
[White "Havir, Adam"]
[Black "Ondreicka, Roman"]
[Result "0-1"]
[BlackElo "1999"]
[WhiteElo "1695"]
[LiveChessVersion "1.4.8"]

1. e4 {[%clk 1:30:59]} c5 {[%clk 1:30:56]} 2. Nf3 {[%clk 1:31:24]} g6
{[%clk 1:31:13]} 3. d4 {[%clk 1:21:44]} cxd4 {[%clk 1:31:16]} 4. c3
{[%clk 1:21:33]} d5 {[%clk 1:26:27]} 5. Qxd4 {[%clk 1:18:23]} Nf6
{[%clk 1:26:34]} 6. e5 {[%clk 1:16:19]} Nc6 {[%clk 1:24:20]} 7. Bb5
{[%clk 1:15:59]} Ne4 {[%clk 1:21:53]} 8. e6 {[%clk 1:05:50]} f6 {[%clk 1:20:14]}
9. Qa4 {[%clk 0:57:24]} Bxe6 {[%clk 1:13:01]} 10. Bxc6+ {[%clk 0:56:44]} bxc6
{[%clk 1:13:28]} 11. Qxc6+ {[%clk 0:57:03]} Kf7 {[%clk 1:12:47]} 12. Nd4
{[%clk 0:50:47]} Qc8 {[%clk 1:11:50]} 13. Qxc8 {[%clk 0:47:59]} Bxc8
{[%clk 1:10:22]} 14. f3 {[%clk 0:46:24]} Nc5 {[%clk 1:07:14]} 15. O-O
{[%clk 0:38:13]} Nd3 {[%clk 1:00:20]} 16. Rd1 {[%clk 0:29:47]} Nxc1
{[%clk 1:00:43]} 17. Rxc1 {[%clk 0:30:11]} Bd7 {[%clk 1:00:21]} 18. Nd2
{[%clk 0:21:31]} Rb8 {[%clk 0:56:25]} 19. b3 {[%clk 0:20:02]} Bh6
{[%clk 0:55:25]} 20. Rc2 {[%clk 0:16:49]} Rbc8 {[%clk 0:55:27]} 21. Rd1
{[%clk 0:15:26]} Be3+ {[%clk 0:53:30]} 0-1